[Event "15MCR_F"]
[Site "?"]
[Date "2001.??.??"]
[Round "?"]
[White "Kadlec, Antonin"]
[Black "Pospisil, Ludvik"]
[Result "1/2-1/2"]
[WhiteElo "2375"]
[BlackElo "2410"]
[PlyCount "74"]
[EventDate "2001.??.??"]
[EventType "corr"]
[SourceDate "2009.11.02"]

1. d4 d5 2. Nf3 c6 3. c4 e6 4. Nc3 dxc4 5. a4 Bb4 6. Qc2 b5 7. e4 Nf6 8. g3 Bb7
9. Bg2 c5 10. O-O Bxc3 11. Qxc3 Nxe4 12. Qc2 cxd4 13. axb5 Nd6 14. Rd1 d3 15.
Qc3 O-O 16. b3 Bd5 17. bxc4 Nxc4 18. Ra4 Qc8 19. Qxd3 Nd7 20. Ng5 Nf6 21. Ne4
Nxe4 22. Bxe4 Bxe4 23. Qxe4 Nb6 24. Ra2 Qc7 25. Bf4 Qe7 26. Be3 Rad8 27. Rxd8
Rxd8 28. Ra6 Nc8 29. Qc6 h5 30. h4 Qd7 31. Bc5 Qd1+ 32. Kh2 Qf1 33. Qa8 Rd1 34.
Bxa7 Qg1+ 35. Kh3 Qf1+ 36. Kh2 Qg1+ 37. Kh3 Qf1+ 1/2-1/2

[Event "15MCR_F"]
[Site "?"]
[Date "2001.??.??"]
[Round "?"]
[White "Pospisil, Ludvik"]
[Black "Rybak, Milan"]
[Result "0-1"]
[WhiteElo "2410"]
[BlackElo "2410"]
[PlyCount "74"]
[EventDate "2001.??.??"]
[EventType "corr"]
[SourceDate "2009.11.02"]

1. e4 e5 2. f4 exf4 3. Bc4 Nf6 4. Nc3 c6 5. Bb3 d5 6. exd5 Nxd5 7. Nxd5 cxd5 8.
Qf3 Qh4+ 9. Kf1 Bc5 10. Bxd5 O-O 11. g3 Qd8 12. gxf4 Nc6 13. c3 Ne7 14. Be4 f5
15. Bc2 Bd7 16. Bb3+ Kh8 17. Qe2 Ng6 18. d4 Re8 19. Qd3 Qh4 20. Nf3 Nxf4 21.
Nxh4 Nxd3 22. Bd2 f4 23. h3 Bd6 24. Bd5 Nxb2 25. Rb1 Ba3 26. Bc1 Bb5+ 27. Kg1
Bd3 28. Bxb2 Be7 29. Rd1 Be2 30. Rc1 Bxh4 31. Ba3 f3 32. Kh2 Re3 33. Bxb7 Rae8
34. Bc6 R8e6 35. Rb1 h5 36. Bd5 Rg6 37. Rhg1 Rxg1 0-1

[Event "15MCR_F"]
[Site "?"]
[Date "2001.??.??"]
[Round "?"]
[White "Hala, Martin"]
[Black "Pospisil, Ludvik"]
[Result "1/2-1/2"]
[WhiteElo "2415"]
[BlackElo "2410"]
[PlyCount "105"]
[EventDate "2001.??.??"]
[EventType "corr"]
[SourceDate "2009.11.02"]

1. e4 e5 2. Nf3 Nc6 3. Bb5 a6 4. Ba4 Nf6 5. O-O Be7 6. Re1 b5 7. Bb3 d6 8. c3
O-O 9. h3 Na5 10. Bc2 c5 11. d4 cxd4 12. cxd4 exd4 13. Nxd4 Re8 14. Nc3 Bd7 15.
Qd3 Nc6 16. Nxc6 Bxc6 17. Bf4 Qd7 18. Rad1 a5 19. Bg5 h6 20. e5 dxe5 21. Qg3
Qb7 22. Bxh6 Bf8 23. Bg5 Nh7 24. Bh4 Ra6 25. Ne4 Bd5 26. Nc3 Bc6 27. Bf5 g6 28.
Ne4 Bd5 29. Nc3 Bc6 30. Bb1 a4 31. a3 b4 32. axb4 Bxb4 33. Ba2 Nf8 34. Re3 e4
35. Qf4 Ra5 36. Rg3 Rh5 37. Qf6 Bxc3 38. Rxg6+ Nxg6 39. Qxg6+ Bg7 40. Qxh5 e3
41. fxe3 Bxg2 42. Rd2 Bf3 43. Qf5 Be4 44. Qg4 Qc7 45. Bg5 Qc1+ 46. Rd1 Qc8 47.
Qg3 Qb8 48. Qf2 Bg6 49. Rf1 Qc7 50. Qg2 Qe5 51. Qg4 Qe4 52. Qd7 Re5 53. Bf4
1/2-1/2

[Event "15MCR_F"]
[Site "?"]
[Date "2001.??.??"]
[Round "?"]
[White "Pospisil, Ludvik"]
[Black "Svoboda, Frantisek"]
[Result "1/2-1/2"]
[WhiteElo "2410"]
[BlackElo "2420"]
[PlyCount "67"]
[EventDate "2001.??.??"]
[EventType "corr"]
[SourceDate "2009.11.02"]

1. e4 e6 2. d4 d5 3. e5 c5 4. c3 Nc6 5. a3 Qb6 6. Nf3 Bd7 7. b4 cxd4 8. cxd4
Rc8 9. Be3 Nh6 10. Bd3 Ng4 11. O-O Be7 12. Nbd2 Nxe3 13. fxe3 Nb8 14. Qe2 Ba4
15. Rac1 O-O 16. Nb1 Bd7 17. Nc3 g6 18. Qb2 f5 19. exf6 Bxf6 20. Qf2 a5 21. b5
Qd6 22. Qb2 Bg7 23. a4 Be8 24. Nd1 Rxc1 25. Qxc1 Nd7 26. Qc8 e5 27. Nxe5 Nxe5
28. dxe5 Bxe5 29. Rxf8+ Kxf8 30. Qxb7 Bxh2+ 31. Kf1 Qf6+ 32. Ke2 Qg5 33. Kf1
Qf6+ 34. Ke2 1/2-1/2

[Event "15MCR_F"]
[Site "?"]
[Date "2001.??.??"]
[Round "?"]
[White "Hybl, Jaroslav"]
[Black "Pospisil, Ludvik"]
[Result "1/2-1/2"]
[WhiteElo "2420"]
[BlackElo "2410"]
[PlyCount "50"]
[EventDate "2001.??.??"]
[EventType "corr"]
[SourceDate "2009.11.02"]

1. d4 d5 2. c4 e6 3. Nc3 c6 4. e3 Nf6 5. Nf3 Nbd7 6. Bd3 dxc4 7. Bxc4 b5 8. Bd3
a6 9. e4 c5 10. d5 c4 11. dxe6 fxe6 12. Bc2 Qc7 13. O-O Bb7 14. Ng5 Nc5 15. e5
Qxe5 16. Re1 Qd6 17. Qxd6 Bxd6 18. Be3 O-O 19. Rad1 Be7 20. Bxc5 Bxc5 21. Nxe6
Rfc8 22. h3 Rab8 23. Nxc5 Rxc5 24. Rd4 Bc6 25. Ne4 Nxe4 1/2-1/2

[Event "15MCR_F"]
[Site "?"]
[Date "2001.??.??"]
[Round "?"]
[White "Pospisil, Ludvik"]
[Black "Hlavac, Rudolf"]
[Result "1-0"]
[WhiteElo "2410"]
[BlackElo "2350"]
[PlyCount "39"]
[EventDate "2001.??.??"]
[EventType "corr"]
[SourceDate "2009.11.02"]

1. e4 c5 2. Nf3 Nc6 3. Bb5 g6 4. Bxc6 dxc6 5. d3 Bg7 6. Nc3 Nf6 7. Be3 Nd7 8.
Qd2 h6 9. O-O-O Qa5 10. d4 b5 11. dxc5 b4 12. Nb1 Rb8 13. a3 O-O 14. Bxh6 Bxh6
15. Qxh6 Nf6 16. Qe3 bxa3 17. Qxa3 Qxa3 18. Nxa3 Nxe4 19. Rhe1 Nxc5 20. Rxe7
1-0

[Event "15MCR_F"]
[Site "?"]
[Date "2001.??.??"]
[Round "?"]
[White "Votypka, Miroslav"]
[Black "Pospisil, Ludvik"]
[Result "0-1"]
[WhiteElo "2355"]
[BlackElo "2410"]
[PlyCount "100"]
[EventDate "2001.??.??"]
[EventType "corr"]
[SourceDate "2009.11.02"]

1. e4 e5 2. Nf3 Nc6 3. Bb5 a6 4. Ba4 Nf6 5. O-O Be7 6. Re1 b5 7. Bb3 d6 8. c3
O-O 9. h3 Na5 10. Bc2 c5 11. d4 cxd4 12. cxd4 exd4 13. Nxd4 Re8 14. Nd2 Bb7 15.
b3 Bf8 16. Bb2 Rc8 17. Qf3 g6 18. Rad1 Bg7 19. Bb1 b4 20. Nf1 d5 21. e5 Ne4 22.
e6 fxe6 23. Bxe4 dxe4 24. Qe2 Qb6 25. Ba1 Rf8 26. Ne3 Rf4 27. Rf1 e5 28. Ndc2
Qc5 29. Qe1 Nc6 30. Rd7 Rf7 31. Rxf7 Kxf7 32. Nc4 Kg8 33. Bb2 Nd4 34. Qd2 a5
35. Rd1 Rd8 36. Qe1 Bd5 37. N2e3 Be6 38. Nd2 Qc6 39. Rc1 Qb5 40. Nec4 Bh6 41.
Rd1 Qc6 42. Nxe4 Bxc4 43. bxc4 Qxc4 44. Nf6+ Kf7 45. Ng4 Bf4 46. Bxd4 Rxd4 47.
g3 h5 48. gxf4 hxg4 49. Rc1 Qd5 50. hxg4 Rxf4 0-1

[Event "15MCR_F"]
[Site "?"]
[Date "2001.??.??"]
[Round "?"]
[White "Pospisil, Ludvik"]
[Black "Doudera, Lubomir"]
[Result "1-0"]
[WhiteElo "2410"]
[BlackElo "2240"]
[PlyCount "109"]
[EventDate "2001.??.??"]
[EventType "corr"]
[SourceDate "2009.11.02"]

1. e4 d5 2. exd5 Qxd5 3. Nc3 Qa5 4. d4 Nf6 5. Nf3 Bg4 6. h3 Bh5 7. g4 Bg6 8.
Ne5 e6 9. h4 Bb4 10. Bd2 Qb6 11. Bg2 Bxc3 12. Bxc3 Be4 13. Bxe4 Nxe4 14. Qf3
Nd6 15. O-O-O Nc6 16. h5 Ne7 17. h6 g6 18. d5 Nxd5 19. Nc4 Nxc4 20. Bxh8 O-O-O
21. Bd4 c5 22. Bg7 f6 23. b3 Ne5 24. Qg3 Nd7 25. g5 Qa6 26. Kb2 fxg5 27. c4 Nb4
28. a3 Nc6 29. Rd6 b5 30. Re1 e5 31. Qg2 Kc7 32. Qd5 Qb7 33. cxb5 Qxb5 34. a4
Qb7 35. Rd1 Nd4 36. Qxb7+ Kxb7 37. Bxe5 Kc8 38. Bxd4 cxd4 39. R1xd4 g4 40. a5
Kc7 41. b4 g5 42. b5 g3 43. fxg3 Kc8 44. a6 Rf8 45. Rxd7 Rf5 46. Rxh7 Rxb5+ 47.
Kc3 Rb6 48. Rc4+ Kd8 49. Rcc7 Rxh6 50. Rxa7 Rc6+ 51. Kd4 Rd6+ 52. Ke5 Rd7 53.
Raxd7+ Kc8 54. a7 g4 55. a8=Q# 1-0

[Event "15MCR_F"]
[Site "?"]
[Date "2001.??.??"]
[Round "?"]
[White "Omelka, Roman"]
[Black "Pospisil, Ludvik"]
[Result "0-1"]
[WhiteElo "2270"]
[BlackElo "2410"]
[PlyCount "74"]
[EventDate "2001.??.??"]
[EventType "corr"]
[SourceDate "2009.11.02"]

1. e4 e5 2. Nf3 Nc6 3. Bb5 a6 4. Ba4 Nf6 5. O-O Be7 6. Re1 b5 7. Bb3 d6 8. c3
O-O 9. h3 Na5 10. Bc2 c5 11. d4 cxd4 12. cxd4 exd4 13. Nxd4 Re8 14. Bg5 h6 15.
Bf4 Nc4 16. b3 Ne5 17. a4 b4 18. Nd2 Bb7 19. Rc1 Rc8 20. Be3 Ng6 21. f4 Bf8 22.
Qe2 Rc3 23. Nb1 Rc7 24. Nd2 Qc8 25. f5 Ne5 26. Qf1 d5 27. exd5 Bxd5 28. Bf2 Qb7
29. Bb1 Rc3 30. Ne2 Rd3 31. Bxd3 Nxd3 32. Rb1 Nxe1 33. Rxe1 Ne4 34. Nxe4 Rxe4
35. Rb1 Be7 36. g4 Qc7 37. Qd1 Ba8 0-1

[Event "15MCR_F"]
[Site "?"]
[Date "2001.??.??"]
[Round "?"]
[White "Pospisil, Ludvik"]
[Black "Ridky, Vladimir"]
[Result "1-0"]
[WhiteElo "2410"]
[BlackElo "2275"]
[PlyCount "59"]
[EventDate "2001.??.??"]
[EventType "corr"]
[SourceDate "2009.11.02"]

1. e4 e6 2. d4 d5 3. e5 c5 4. c3 Nc6 5. a3 Qb6 6. Nf3 Bd7 7. b4 cxd4 8. cxd4
Rc8 9. Be3 Nh6 10. Bd3 Ng4 11. O-O Be7 12. Nbd2 Nxe3 13. fxe3 f5 14. exf6 Bxf6
15. Nb3 O-O 16. Nc5 Qc7 17. Qc2 h6 18. Rac1 a5 19. bxa5 Nxa5 20. Qe2 Nc6 21.
Bc2 Ne7 22. Rb1 Rb8 23. Rfc1 Qd6 24. Qd3 Bc8 25. e4 e5 26. exd5 Bf5 27. Ne4
Bxe4 28. Qxe4 exd4 29. Nxd4 Bxd4+ 30. Qxd4 1-0

[Event "15MCR_F"]
[Site "?"]
[Date "2001.??.??"]
[Round "?"]
[White "Kostal, Jindrich"]
[Black "Pospisil, Ludvik"]
[Result "1/2-1/2"]
[WhiteElo "2305"]
[BlackElo "2410"]
[PlyCount "68"]
[EventDate "2001.??.??"]
[EventType "corr"]
[SourceDate "2009.11.02"]

1. e4 e5 2. Nf3 Nc6 3. Bb5 a6 4. Ba4 Nf6 5. O-O Be7 6. Re1 b5 7. Bb3 d6 8. c3
O-O 9. h3 Na5 10. Bc2 c5 11. d4 cxd4 12. cxd4 exd4 13. Nxd4 Re8 14. Nc3 Bd7 15.
b3 Rc8 16. Bb2 Nc6 17. Rc1 Ne5 18. Qd2 Qb6 19. Kh1 Qb7 20. Nd5 Nxd5 21. exd5
Bf6 22. Nf5 Bxf5 23. Bxf5 Rxc1 24. Bxc1 g6 25. Bg4 Rb8 26. Bd1 Nd7 27. Bf3 Rc8
28. Qf4 Be5 29. Qe4 Qc7 30. Bh6 Qa5 31. Re2 Nf6 32. Qe3 Qc3 33. g3 Qxe3 34.
Bxe3 Nd7 1/2-1/2

[Event "15MCR_F"]
[Site "?"]
[Date "2001.??.??"]
[Round "?"]
[White "Pospisil, Ludvik"]
[Black "Vavrla, Zdenek"]
[Result "1-0"]
[WhiteElo "2410"]
[BlackElo "2320"]
[PlyCount "87"]
[EventDate "2001.??.??"]
[EventType "corr"]
[SourceDate "2009.11.02"]

1. e4 c5 2. Nf3 d6 3. b3 Nc6 4. d4 cxd4 5. Nxd4 Bd7 6. Bb2 Nf6 7. Bd3 Nxd4 8.
Bxd4 e5 9. Bb2 Bc6 10. Nc3 Be7 11. Qf3 Rc8 12. O-O O-O 13. a4 Bd7 14. h3 Be6
15. a5 a6 16. Ne2 Nd7 17. c4 b5 18. axb6 Qxb6 19. Rfb1 Nc5 20. Bc2 Bh4 21. Bc1
a5 22. Nc3 Qd8 23. Be3 f6 24. Rd1 Nb7 25. Bc1 Bg5 26. Ba3 Rf7 27. Qe2 Rd7 28.
Bb2 Nc5 29. Ra3 Rb8 30. Nb5 Rc8 31. Bc3 a4 32. bxa4 Na6 33. Bb3 Nc5 34. Ba2 Qb6
35. Bb4 Qc6 36. Bxc5 dxc5 37. Rxd7 Qxd7 38. a5 Rd8 39. Bb3 Qe7 40. a6 Bd7 41.
Nc3 Bc6 42. a7 Ra8 43. Nd5 Qb7 44. Qa2 1-0

[Event "15MCR_F"]
[Site "?"]
[Date "2001.??.??"]
[Round "?"]
[White "Vaindl, Jaroslav"]
[Black "Pospisil, Ludvik"]
[Result "0-1"]
[WhiteElo "2325"]
[BlackElo "2410"]
[PlyCount "118"]
[EventDate "2001.??.??"]
[EventType "corr"]
[SourceDate "2009.11.02"]

1. e4 e5 2. Nf3 Nc6 3. Bb5 a6 4. Ba4 Nf6 5. O-O Be7 6. Re1 b5 7. Bb3 d6 8. c3
O-O 9. h3 Na5 10. Bc2 c5 11. d4 cxd4 12. cxd4 exd4 13. Nxd4 Re8 14. Nc3 Bd7 15.
Bf4 Rc8 16. Rc1 Nc4 17. b3 Ne5 18. Bb1 Qa5 19. Qd2 Bd8 20. Nd5 Nxd5 21. exd5
Qxd2 22. Bxd2 Rxc1 23. Rxc1 Bb6 24. Nf5 Ng6 25. Nxd6 Re2 26. Bxg6 Rxd2 27.
Bxf7+ Kf8 28. Kh2 Rd3 29. Be8 Bxe8 30. Rc8 Ke7 31. Nxe8 Bxf2 32. g4 Rd2 33. Kg2
Bh4+ 34. Kf3 Kd7 35. Ra8 Rf2+ 36. Ke3 Rf8 37. Nc7 Bd8 38. Rxd8+ Rxd8 39. Nxa6
Kd6 40. Kd4 Rc8 41. Nb4 Rc1 42. Nd3 Ra1 43. Nc5 Rxa2 44. Ne4+ Kd7 45. Ke5 Rh2
46. Nc5+ Kd8 47. Ne6+ Kc8 48. Kd6 Rxh3 49. b4 g6 50. g5 h5 51. gxh6 Rxh6 52.
Ke7 Rh4 53. d6 Rh7+ 54. Kf6 Rd7 55. Ke5 Rf7 56. Nc5 g5 57. Ke6 Rf2 58. d7+ Kc7
59. Na6+ Kd8 0-1

[Event "15MCR_F"]
[Site "?"]
[Date "2001.??.??"]
[Round "?"]
[White "Pospisil, Ludvik"]
[Black "Masek, Jan"]
[Result "1/2-1/2"]
[WhiteElo "2410"]
[BlackElo "2330"]
[PlyCount "105"]
[EventDate "2001.??.??"]
[EventType "corr"]
[SourceDate "2009.11.02"]

1. e4 e5 2. f4 Nc6 3. Nf3 f5 4. exf5 e4 5. Ne5 Nxe5 6. fxe5 Qe7 7. Qh5+ Kd8 8.
d4 exd3 9. Bxd3 Qxe5+ 10. Kd1 Nf6 11. Qh4 Bc5 12. Re1 Qd4 13. Qxd4 Bxd4 14. c3
Bb6 15. Bg5 Re8 16. Nd2 Rxe1+ 17. Kxe1 d5 18. Kf1 Ke8 19. Re1+ Kf8 20. Nf3 c6
21. Ne5 Bc7 22. Bf4 b6 23. g3 c5 24. Nd7+ Bxd7 25. Bxc7 Kf7 26. Bf4 h5 27. h3
Ne4 28. g4 hxg4 29. hxg4 Bc6 30. c4 Re8 31. cxd5 Bxd5 32. g5 c4 33. Bc2 Bc6 34.
Re3 Nc5 35. Ke2 Nd3 36. Bxd3 cxd3+ 37. Kxd3 Rxe3+ 38. Bxe3 Bd5 39. b3 g6 40.
Kd4 Bc6 41. f6 Ke6 42. Bf4 Be8 43. Bb8 a6 44. Bc7 Bf7 45. Bxb6 Kf5 46. Bd8 Kxg5
47. a4 Kf5 48. b4 Ke6 49. b5 axb5 50. axb5 Be8 51. Kc5 Bd7 52. b6 Bc8 53. Kc6
1/2-1/2

[Event "15MCR_F"]
[Site "?"]
[Date "2001.??.??"]
[Round "?"]
[White "Vrkoc, David"]
[Black "Pospisil, Ludvik"]
[Result "1-0"]
[WhiteElo "2335"]
[BlackElo "2410"]
[PlyCount "119"]
[EventDate "2001.??.??"]
[EventType "corr"]
[SourceDate "2009.11.02"]

1. c4 e6 2. g3 d5 3. cxd5 exd5 4. d4 Nf6 5. Nf3 c6 6. Bg2 Bd6 7. O-O O-O 8. Bg5
h6 9. Bxf6 Qxf6 10. Nc3 Qe7 11. Qc2 Bg4 12. e4 dxe4 13. Nxe4 Nd7 14. Rfe1 Nf6
15. Nc5 Qc7 16. Ne5 Bh5 17. Qb3 Rab8 18. h3 Rfe8 19. Ncd3 Kh7 20. f4 Bg6 21.
Nxg6 fxg6 22. Ne5 Qb6 23. Qxb6 axb6 24. Bf1 Rbd8 25. Kg2 Nd5 26. Bc4 Bb4 27.
Re2 Re6 28. a3 Bf8 29. h4 b5 30. Bb3 Bd6 31. Bc2 Bxe5 32. Rae1 Kg8 33. dxe5 Nb6
34. Rd1 Rxd1 35. Bxd1 Re8 36. Kf3 Rd8 37. Bc2 Kf7 38. e6+ Kf6 39. g4 g5 40.
hxg5+ hxg5 41. e7 Re8 42. fxg5+ Kf7 43. g6+ Kf6 44. Bb3 Nc4 45. Kf4 Kxg6 46. a4
Kf6 47. g5+ Kf7 48. axb5 cxb5 49. Re5 Rxe7 50. Rxb5 Rc7 51. Rb4 b5 52. Rxb5 Kg6
53. Bc2+ Kf7 54. Bb3 Kg6 55. Ba2 Rf7+ 56. Kg3 Rc7 57. Bb1+ Kf7 58. Kf4 Nd6 59.
Ba2+ Ke7 60. Re5+ 1-0

[Event "15MCR_F"]
[Site "?"]
[Date "2001.??.??"]
[Round "?"]
[White "Pospisil, Ludvik"]
[Black "Foukal, Zdenek"]
[Result "1-0"]
[WhiteElo "2410"]
[BlackElo "2335"]
[PlyCount "95"]
[EventDate "2001.??.??"]
[EventType "corr"]
[SourceDate "2009.11.02"]

1. e4 c6 2. d4 d5 3. exd5 cxd5 4. Bd3 Nc6 5. c3 g6 6. Bf4 Nf6 7. Nd2 Bf5 8.
Bxf5 gxf5 9. Ngf3 Rg8 10. Ne5 Qb6 11. Nxc6 bxc6 12. Qc2 e6 13. O-O Rg4 14. Be5
Nd7 15. Bg3 c5 16. Rae1 Be7 17. h3 Rg8 18. Nf3 Rc8 19. Rd1 cxd4 20. Nxd4 Bf6
21. Qb3 Nc5 22. Qxb6 axb6 23. Rfe1 Ne4 24. Bf4 Be7 25. f3 Ng3 26. Be5 h5 27. a4
h4 28. b3 Rg5 29. b4 Nh5 30. a5 bxa5 31. bxa5 Kd7 32. Rb1 Bd6 33. Rb7+ Rc7 34.
Rxc7+ Bxc7 35. Bxc7 Kxc7 36. Rxe6 Rxg2+ 37. Kf1 fxe6 38. Nxe6+ Kb7 39. Kxg2 Ka6
40. Kf2 Kxa5 41. Ke3 Kb5 42. Kd4 Kc6 43. Ke5 Ng3 44. Nf4 Kc5 45. Nxd5 Kc4 46.
Ne3+ Kxc3 47. Nxf5 Ne2 48. f4 1-0

[Event "15MCR_F"]
[Site "?"]
[Date "2001.??.??"]
[Round "?"]
[White "Trexler, Evzen"]
[Black "Pospisil, Ludvik"]
[Result "1/2-1/2"]
[WhiteElo "2350"]
[BlackElo "2410"]
[PlyCount "128"]
[EventDate "2001.??.??"]
[EventType "corr"]
[SourceDate "2009.11.02"]

1. e4 e5 2. Nf3 Nc6 3. Bb5 a6 4. Ba4 Nf6 5. O-O Be7 6. Re1 b5 7. Bb3 d6 8. c3
O-O 9. h3 Na5 10. Bc2 c5 11. d4 cxd4 12. cxd4 exd4 13. Nxd4 Re8 14. Nc3 Bd7 15.
b3 Rc8 16. Bb2 Nc6 17. Rc1 Ne5 18. Nf5 Bxf5 19. exf5 Qa5 20. Bb1 b4 21. Ne4
Rxc1 22. Qxc1 Qb5 23. Qd2 a5 24. Rd1 Rd8 25. Qe1 Re8 26. Rd2 Ned7 27. Nxf6+
Nxf6 28. Bd3 Qd7 29. Qf1 Rc8 30. Qe2 Ne8 31. Bc4 Nf6 32. Rd1 h6 33. Bd4 Rb8 34.
Qd3 Ne8 35. Bb2 Bg5 36. Qf3 Bf6 37. Bc1 Be5 38. Qd3 Rd8 39. Be3 Qc7 40. Bd5 Nf6
41. Rc1 Bc3 42. a4 Re8 43. Rd1 Be5 44. Bf3 Rc8 45. Kf1 Qc3 46. Qb1 Qc7 47. Rc1
Bc3 48. Qd3 d5 49. Rd1 Rd8 50. g3 Qd7 51. Bf4 Re8 52. g4 Be5 53. Be3 d4 54. Qc4
Rc8 55. Qa6 Qd8 56. h4 Rc3 57. g5 Nd5 58. g6 Kf8 59. gxf7 Nxe3+ 60. fxe3 Qf6
61. Qa8+ Kxf7 62. Bh5+ Ke7 63. Qe8+ Kd6 64. e4 Bg3 1/2-1/2

[Event "15MCR_F"]
[Site "?"]
[Date "2001.??.??"]
[Round "?"]
[White "Pospisil, Ludvik"]
[Black "Straka, Zdenek"]
[Result "1/2-1/2"]
[WhiteElo "2410"]
[BlackElo "2355"]
[PlyCount "41"]
[EventDate "2001.??.??"]
[EventType "corr"]
[SourceDate "2009.11.02"]

1. e4 e5 2. f4 exf4 3. Bc4 Nf6 4. Nc3 c6 5. Bb3 d5 6. exd5 cxd5 7. d4 Bb4 8.
Nge2 O-O 9. O-O f3 10. gxf3 Bh3 11. Rf2 Qd6 12. a3 Ba5 13. Bf4 Qc6 14. Kh1 Nbd7
15. Qg1 Kh8 16. Qg5 Be6 17. Rg2 Rg8 18. Be5 Bd8 19. Qd2 Nh5 20. Ba4 Qb6 21. Bb3
1/2-1/2

[Event "15MCR_F"]
[Site "?"]
[Date "2001.??.??"]
[Round "?"]
[White "Hybl, Vladislav"]
[Black "Pospisil, Ludvik"]
[Result "0-1"]
[WhiteElo "2240"]
[BlackElo "2410"]
[PlyCount "84"]
[EventDate "2001.??.??"]
[EventType "corr"]
[SourceDate "2009.11.02"]

1. d4 d5 2. c4 e6 3. Nc3 c6 4. e4 dxe4 5. Nxe4 Bb4+ 6. Nc3 c5 7. a3 Bxc3+ 8.
bxc3 Nf6 9. Nf3 Nc6 10. Be2 Qa5 11. Bd2 Ne4 12. Qc2 Nxd2 13. Qxd2 O-O 14. Ra2
b6 15. O-O Ba6 16. Qc2 Rad8 17. Rd1 Ne7 18. Bd3 h6 19. Nd2 cxd4 20. cxd4 Nc6
21. Nb3 Qa4 22. f4 Rd6 23. Na1 Qxc2 24. Nxc2 Rfd8 25. d5 Ne7 26. Nb4 Bc8 27.
Rad2 exd5 28. Nxd5 Nxd5 29. Be4 Bg4 30. Bf3 Bxf3 31. gxf3 Rc8 32. cxd5 Rc3 33.
Rd3 Rxd3 34. Rxd3 Kf8 35. Kf2 Rd8 36. Ke3 Ke7 37. Kd4 Rc8 38. f5 Kd6 39. f4 b5
40. Ke3 Rc5 41. Ke4 Rc4+ 42. Ke3 a5 0-1

[Event "15MCR_F"]
[Site "?"]
[Date "2001.??.??"]
[Round "?"]
[White "Pospisil, Ludvik"]
[Black "Spal, Milan"]
[Result "1-0"]
[WhiteElo "2410"]
[BlackElo "2425"]
[PlyCount "103"]
[EventDate "2001.??.??"]
[EventType "corr"]
[SourceDate "2009.11.02"]

1. e4 Nf6 2. e5 Nd5 3. d4 d6 4. c4 Nb6 5. exd6 exd6 6. Nc3 Be7 7. Bd3 Nc6 8.
Nge2 Bg4 9. Be3 O-O 10. b3 Bg5 11. O-O Bxe3 12. fxe3 Qe7 13. Qd2 Rae8 14. e4
Nb4 15. Ng3 c5 16. Be2 Bd7 17. Nb5 a6 18. Nc7 Rc8 19. dxc5 dxc5 20. Nd5 N4xd5
21. exd5 Rce8 22. d6 Qe3+ 23. Qxe3 Rxe3 24. Bf3 Bc8 25. Ne4 Nd7 26. Kf2 Rd3 27.
Rad1 Rxd1 28. Rxd1 Rd8 29. Nc3 Kf8 30. h3 f6 31. Nd5 a5 32. Be4 g6 33. g4 b6
34. Ke3 a4 35. Kf4 a3 36. h4 Kg7 37. g5 h6 38. gxh6+ Kxh6 39. Rg1 f5 40. Bc2
Nf8 41. Nxb6 Be6 42. Rd1 Kg7 43. h5 Kh6 44. Na4 Rc8 45. Rg1 Bd7 46. Nb6 g5+ 47.
Ke5 Re8+ 48. Kd5 Be6+ 49. Kxc5 f4 50. Bd1 Bh3 51. Kb4 Rb8 52. Ka5 1-0

[Event "15MCR_F"]
[Site "?"]
[Date "2001.??.??"]
[Round "?"]
[White "Kudela, Stanislav"]
[Black "Pospisil, Ludvik"]
[Result "1/2-1/2"]
[WhiteElo "2440"]
[BlackElo "2410"]
[PlyCount "71"]
[EventDate "2001.??.??"]
[EventType "corr"]
[SourceDate "2009.11.02"]

1. e4 e5 2. Nf3 Nc6 3. Bb5 a6 4. Ba4 Nf6 5. O-O Be7 6. Re1 b5 7. Bb3 d6 8. c3
O-O 9. h3 Na5 10. Bc2 c5 11. d4 cxd4 12. cxd4 exd4 13. Nxd4 Re8 14. Nd2 Bb7 15.
Nf1 Bf8 16. Ng3 Rc8 17. Bf4 Nc4 18. b3 Ne5 19. Qd2 Ng6 20. a4 bxa4 21. Rxa4
Nxf4 22. Qxf4 Nd7 23. Ra2 Qf6 24. Qxf6 Nxf6 25. Bd3 d5 26. Bxa6 Ra8 27. Rea1
Bxa6 28. Rxa6 Rxa6 29. Rxa6 Nxe4 30. Nge2 Rb8 31. Ra5 Nc5 32. Nc1 g6 33. Kf1
Rb4 34. Nc2 Nxb3 35. Nxb4 Nxa5 36. Nxd5 1/2-1/2

[Event "15MCR_F"]
[Site "?"]
[Date "2001.??.??"]
[Round "?"]
[White "Pospisil, Ludvik"]
[Black "Boukal, Petr"]
[Result "1/2-1/2"]
[WhiteElo "2410"]
[BlackElo "2450"]
[PlyCount "101"]
[EventDate "2001.??.??"]
[EventType "corr"]
[SourceDate "2009.11.02"]

1. e4 e6 2. d4 d5 3. e5 c5 4. c3 Nc6 5. a3 Qb6 6. Nf3 Nh6 7. b4 cxd4 8. cxd4
Nf5 9. Be3 Bd7 10. Bd3 Nxe3 11. fxe3 Be7 12. O-O Rc8 13. Nbd2 Nb8 14. Qe2 Ba4
15. Rac1 O-O 16. Nb1 Rxc1 17. Rxc1 f6 18. exf6 Bxf6 19. Nc3 Be8 20. Qc2 g6 21.
Na4 Bxa4 22. Qxa4 Nc6 23. Qb5 Qc7 24. Qc5 Rc8 25. b5 Qd7 26. a4 Ne7 27. Qa3 Rc7
28. Rxc7 Qxc7 29. Qc5 Qa5 30. Qc2 Kf7 31. g4 h6 32. Kg2 Qb4 33. h3 b6 34. Qf2
Kg8 35. Bc2 Qc4 36. h4 Bg7 37. Kh3 Qc3 38. Qe2 e5 39. dxe5 Bxe5 40. e4 g5 41.
Qd3 Qxd3 42. Bxd3 Ng6 43. Bc2 dxe4 44. Bxe4 Nf4+ 45. Kg3 Bf6 46. hxg5 hxg5 47.
Kf2 Kf7 48. Ke3 Ng2+ 49. Kf2 Nf4 50. Bc2 Ke6 51. Bb3+ 1/2-1/2

[Event "15MCR_F"]
[Site "?"]
[Date "2001.??.??"]
[Round "?"]
[White "Vrkoc, David"]
[Black "Trexler, Evzen"]
[Result "0-1"]
[WhiteElo "2355"]
[BlackElo "2350"]
[PlyCount "99"]
[EventDate "2001.??.??"]
[EventType "corr"]
[Source "Chess Mail Ltd"]
[SourceDate "2005.07.27"]

1. c4 Nf6 2. g3 c6 3. Nf3 d5 4. b3 g6 5. Bg2 Bg7 6. Bb2 O-O 7. O-O Bg4 8. d3
Nbd7 9. Nbd2 Re8 10. h3 Bxf3 11. Nxf3 e5 12. cxd5 Nxd5 13. Qc2 Qe7 14. a3 e4
15. dxe4 Qxe4 16. Qxe4 Rxe4 17. Bxg7 Kxg7 18. e3 Ree8 19. Rac1 Rad8 20. Rfd1
N7f6 21. Nd2 Nb6 22. Kf1 Rd6 23. Ke2 Red8 24. e4 Nfd7 25. f4 f6 26. Nf1 Nf8 27.
Rxd6 Rxd6 28. Nd2 Ne6 29. h4 Rd8 30. Ke3 Kf7 31. Bh3 Ke7 32. a4 a5 33. Bxe6
Kxe6 34. g4 f5 35. gxf5+ gxf5 36. Rc5 fxe4 37. Re5+ Kf7 38. Nxe4 Nd5+ 39. Kf3
b6 40. Ng5+ Kg8 41. f5 Rf8 42. Ne6 Rf6 43. Nd8 Kg7 44. Nxc6 Rxc6 45. Rxd5 Rc3+
46. Kf4 Rxb3 47. Rd7+ Kf6 48. Rd6+ Kg7 49. h5 Rb1 50. f6+ 0-1

[Event "15MCR_F"]
[Site "?"]
[Date "2001.??.??"]
[Round "?"]
[White "Svoboda, Frantisek"]
[Black "Rybak, Milan"]
[Result "0-1"]
[WhiteElo "2420"]
[BlackElo "2410"]
[PlyCount "104"]
[EventDate "2001.??.??"]
[EventType "corr"]
[Source "Chess Mail Ltd"]
[SourceDate "2005.07.27"]

1. c4 e6 2. Nc3 d5 3. Nf3 d4 4. Nb5 Nc6 5. g3 e5 6. d3 Nf6 7. Bg2 a6 8. Na3 Bc5
9. Nc2 Qd6 10. O-O O-O 11. a3 a5 12. Re1 a4 13. h3 Rd8 14. Nd2 Na5 15. Rb1 Bd7
16. b4 axb3 17. Nxb3 Nxb3 18. Rxb3 Ra7 19. Rb1 Ba4 20. Rf1 b5 21. cxb5 Nd5 22.
Qd2 Nc3 23. Ra1 Bxb5 24. Bb2 Na4 25. Bc1 Bb6 26. Qd1 c5 27. Bd2 Bc6 28. Qc1 h6
29. Ne1 Ba5 30. Bxa5 Rxa5 31. Nf3 Nc3 32. Re1 c4 33. Nd2 Bxg2 34. Kxg2 cxd3 35.
exd3 Rc5 36. a4 Qc6+ 37. Kh2 e4 38. Qc2 Nd5 39. Qb3 e3 40. Ne4 Rc2 41. Ra2 Rxa2
42. Qxa2 f5 43. fxe3 dxe3 44. Re2 Qc1 45. Rc2 Qd1 46. Nc3 Qxd3 47. Ne2 Kh7 48.
Qc4 Qd1 49. Rc1 Qd2 50. Rc2 Nb6 51. Qc5 Qd3 52. Ra2 Qb1 0-1

[Event "15MCR_F"]
[Site "?"]
[Date "2001.??.??"]
[Round "?"]
[White "Svoboda, Frantisek"]
[Black "Doudera, Lubomir"]
[Result "1/2-1/2"]
[WhiteElo "2420"]
[BlackElo "2240"]
[PlyCount "51"]
[EventDate "2001.??.??"]
[EventType "corr"]
[Source "Chess Mail Ltd"]
[SourceDate "2005.07.27"]

1. c4 Nf6 2. Nc3 e6 3. Nf3 Bb4 4. Qb3 c5 5. a3 Ba5 6. g3 Nc6 7. Bg2 O-O 8. O-O
d5 9. d3 Bxc3 10. Qxc3 d4 11. Qc2 e5 12. Bd2 a5 13. b4 axb4 14. axb4 Rxa1 15.
Rxa1 cxb4 16. Qb2 Qb6 17. Rb1 e4 18. dxe4 Nxe4 19. Bxb4 Re8 20. Bc3 Qxb2 21.
Bxb2 Nc3 22. Bxc3 dxc3 23. Rc1 Rxe2 24. Rxc3 f6 25. Kf1 Ra2 26. h4 1/2-1/2